LEADER 00898nam a2200241 i 4500 001 991000640159707536 008 041119s2002 it 001 0 ita 020 $a8814093563 035 $ab13250863-39ule_inst 040 $aDip.to Studi Giuridici$bita 082 0 $a345.45075 100 1 $aCurtotti Nappi, Donatella $0268147 245 13$aIl problema delle lingue nel processo penale /$cDonatella Curtotti Nappi 260 $aMilano :$bGiuffrè,$c2002 300 $a421 p. ;$c24 cm 440 0$aStudi di diritto processuale penale ;$v92 650 4$aLinguaggio e diritto 907 $a.b13250863$b02-04-14$c19-11-04 912 $a991000640159707536 945 $aLE027 345.45 CUR01.01$g1$lle027$o-$pE28.00$q-$rl$sm $t0$u0$v0$w0$x0$y.i13943674$z19-11-04 996 $aProblema delle lingue nel processo penale$9677465 997 $aUNISALENTO 998 $ale027$b19-11-04$cm$da $e-$fita$git $h3$i0